000 00753nam a2200277Ia 4500
003 OSt
005 20221007101323.0
006 a|||||r|||| 00| 0
007 ta
008 221006b |||||||| |||| 00| 0 eng d
020 _a0406846065
024 _a6,240
037 _cTextual
040 _aLCO
_cLCO
_beng
041 _2eng
_aeng
082 _aZ2,193, L4
100 _aWilliams W.J.
245 0 _aPolice Law
_b An Arrangement of Law and Regulations for the Use of Police Officers
250 _a22nd
260 _aLondon
_bButterworths U.K.
_c1974
300 _a789
650 _aPOLICE LAW
700 _a Moriarty
_9702860
942 _hZ2,193, L4
_cTEXL
999 _c1175803
_d1175803